00658nam a2200217Ia 4500008004100000100002200041245008500063260001100148300002000159440001500179521000700194650001400201650001500215650003100230650001600261650001500277650003800292942000700330999001900337952008400356140626s9999 xx 000 0 und d aShafer, Richard.. aJournalism education :b in defense of tradition /cRichard Shafer ... [et al.]. cc2013. a40 : 1, page 14 aMedia Asia aMC aBloggers. aEducation. aInformation dissemination. aJournalism. aTradition. aUnreliable source of information. cSE c121182d121182 001040aCLbCLcPERd2014-06-26l0pS0290r2014-06-26 00:00:00w2014-06-26ySE